Bezpečnostní vládnutí. Proměna bezpečnostní politiky USA po 11. září 2001
Teoretické a konceptuálne východiská bezpečnostného vládnutia. Bezpečnostné vládnutie ako nová forma americkej bezpečnostnej politiky. Legislatívny rámec amerického bezpečnostného vládnutia. Inštitucionálna, organizačná a rozpočtová podoba americkej stabilizačnej a rekonštrukčnej politiky.
Saved in:
| Main Author: | |
|---|---|
| Format: | Book Chapter |
| Language: | Czech |
| Subjects: | |
| Tags: |
No Tags, Be the first to tag this record!
|
MARC
| LEADER | 00000naa a2200000 4500 | ||
|---|---|---|---|
| 001 | 0149615 | ||
| 005 | 20231208075507.2 | ||
| 041 | 0 | |a cze | |
| 044 | |a CZ | ||
| 245 | 1 | 0 | |a Bezpečnostní vládnutí. Proměna bezpečnostní politiky USA po 11. září 2001 |c Šárka Waisová |
| 520 | |a Teoretické a konceptuálne východiská bezpečnostného vládnutia. Bezpečnostné vládnutie ako nová forma americkej bezpečnostnej politiky. Legislatívny rámec amerického bezpečnostného vládnutia. Inštitucionálna, organizačná a rozpočtová podoba americkej stabilizačnej a rekonštrukčnej politiky. | ||
| 610 | 2 | 0 | |a politika bezpečnostná |
| 610 | 2 | 0 | |a bezpečnosť medzinárodná |
| 610 | 2 | 0 | |a politika zahraničná |
| 610 | 2 | 0 | |a legislatíva |
| 610 | 2 | 0 | |a rozpočty |
| 610 | 2 | 0 | |a vláda |
| 610 | 2 | 0 | |a USA |
| 100 | 1 | |a Waisová, Šárka | |